| Tag |
First Indicator |
Second Indicator |
Subfields |
| LEADER |
00000nam a2200000 a 4500 |
| 001 |
in00004757113 |
| 006 |
m|||||o||d|||||||| |
| 007 |
cr ||||||||||| |
| 008 |
120418s2009 cau fo| 001|0|eng|d |
| 005 |
20231120174040.1 |
| 020 |
|
|
|a 9781446220924 (ebook) :
|c No price
|
| 035 |
|
|
|a (OCoLC)809969529
|
| 035 |
|
|
|a (StDuBDS)EDZ0000077585
|
| 040 |
|
|
|a StDuBDS
|b eng
|c StDuBDS
|e pn
|
| 050 |
|
0 |
|a LB2806
|b .C69 2009
|
| 082 |
0 |
4 |
|a 371.2011019
|2 23
|
| 100 |
1 |
|
|a Crawford, Megan,
|d 1957-
|
| 245 |
1 |
0 |
|a Getting to the heart of leadership :
|b emotion and educational leader /
|c Megan Crawford.
|
| 260 |
|
|
|a Los Angeles, [Calif.] ;
|a London :
|b SAGE,
|c c2009.
|
| 300 |
|
|
|a 1 online resource (ix, 182 pages)
|
| 336 |
|
|
|a text
|b txt
|2 rdacontent
|
| 337 |
|
|
|a computer
|b c
|2 rdamedia
|
| 338 |
|
|
|a online resource
|b cr
|2 rdacarrier
|
| 520 |
8 |
|
|a This title is framed to illuminate how head teachers experience and talk about, emotion and meaning in their daily interactions and sets out to understand how emotion impacts on their leadership.
|
| 504 |
|
|
|a Includes bibliographical references and index.
|
| 521 |
|
|
|a Specialized.
|
| 588 |
|
|
|a Description based on print version record.
|
| 650 |
|
0 |
|a Educational leadership
|x Psychological aspects.
|
| 650 |
|
0 |
|a Emotions.
|
| 655 |
|
7 |
|a Electronic books.
|2 local
|
| 710 |
2 |
|
|a Sage Publications.
|
| 776 |
0 |
8 |
|i Print version :
|z 9781847871701
|
| 856 |
4 |
0 |
|u http://proxy.library.tamu.edu/login?url=https://sk.sagepub.com/books/getting-to-the-heart-of-leadership
|z Connect to the full text of this electronic book
|t 0
|
| 955 |
|
|
|a SAGE Knowledge
|
| 999 |
f |
f |
|s 83254691-40e5-40ff-8f66-a0b38e0f0fd6
|i 49d5fe62-5b78-4639-a32a-b4a9610a5b47
|t 0
|
| 952 |
f |
f |
|a Texas A&M University
|b College Station
|c Electronic Resources
|d Available Online
|t 0
|e LB2806 .C69 2009
|h Library of Congress classification
|
| 998 |
f |
f |
|a LB2806 .C69 2009
|t 0
|l Available Online
|